| 000 | 00496cam a2200169 i 4500 | ||
|---|---|---|---|
| 020 | _a0399900705 | ||
| 082 | 0 | 0 | _a813.54 |
| 100 | 1 |
_aLudlum, Robert, _d1927-2001. |
|
| 245 | 1 | 4 |
_aThe Bourne identity _cby Robert Ludlum. |
| 260 |
_aNew York : _bR. Marek Publishers, _cc1980. |
||
| 300 |
_a523 p. ; _c24 cm. |
||
| 650 | 0 |
_aTerrorists _923887 |
|
| 942 |
_2ddc _cBK |
||
| 999 |
_c586263 _d586263 |
||